Managerial Economics: An Indian Adaptation / (Record no. 2639)
[ view plain ]
| 000 -LEADER | |
|---|---|
| fixed length control field | 00703nam a2200229Ia 4500 |
| 008 - FIXED-LENGTH DATA ELEMENTS--GENERAL INFORMATION | |
| fixed length control field | 230120s2022||||ii ad||gd|||||||1 ||und|| |
| 020 ## - INTERNATIONAL STANDARD BOOK NUMBER | |
| International Standard Book Number | 9789354640285 |
| Terms of availability | Rs. 849.00 |
| 040 ## - CATALOGING SOURCE | |
| Original cataloging agency | IMU Kochi Library |
| Language of cataloging | eng |
| 041 0# - LANGUAGE CODE | |
| Language code of text/sound track or separate title | eng |
| 082 04 - DEWEY DECIMAL CLASSIFICATION NUMBER | |
| Classification number | 338.5024658 |
| Item number | Sa499 |
| Edition number | 23 |
| 100 1# - MAIN ENTRY--PERSONAL NAME | |
| Personal name | Samuelson, William F. |
| 245 10 - TITLE STATEMENT | |
| Title | Managerial Economics: An Indian Adaptation / |
| 250 ## - EDITION STATEMENT | |
| Edition statement | 9th ed. |
| 260 ## - PUBLICATION, DISTRIBUTION, ETC. (IMPRINT) | |
| Place of publication, distribution, etc | New Delhi : |
| Name of publisher, distributor, etc | Wiley India Pvt Ltd., |
| Date of publication, distribution, etc | 2022 |
| 300 ## - PHYSICAL DESCRIPTION | |
| Extent | xxiv, 528 p. |
| Other physical details | : |
| Dimensions | ; 26 cm. |
| 650 #0 - SUBJECT ADDED ENTRY--TOPICAL TERM | |
| Topical term or geographic name as entry element | Managerial economics |
| Form subdivision | Textbooks |
| 700 1# - ADDED ENTRY--PERSONAL NAME | |
| Personal name | Marks, Stephen G. |
| Relator term | Joint Author |
| 700 1# - ADDED ENTRY--PERSONAL NAME | |
| Personal name | Zagorsky, Jay L. |
| Relator term | Joint Author |
| 852 ## - LOCATION/CALL NUMBER | |
| Location | IMU Kochi Library |
| 904 ## - LOCAL DATA ELEMENT D, LDD (RLIN) | |
| CATALOGER | Akhil Bose |
| 942 ## - ADDED ENTRY ELEMENTS (KOHA) | |
| Item type | Books |
| Withdrawn status | Lost status | Source of classification or shelving scheme | Damaged status | Not for loan | Collection code | Permanent location | Current location | Shelving location | Date acquired | Source of acquisition | Cost, normal purchase price | Total Checkouts | Full call number | Barcode | Date last seen | Date last borrowed | Koha item type | Public note | Total Renewals |
|---|---|---|---|---|---|---|---|---|---|---|---|---|---|---|---|---|---|---|---|
| Management Studies | IMU Kochi Library | IMU Kochi Library | General Stacks | 2023-01-20 | M/S Technical Bureau India Pvt. Ltd (Inv. No. TB2811 Dt. 2023-01-14) | 849.00 | 1 | 338.5024658 Sa499 | BK005906 | 2023-12-26 | 2023-12-04 | Books | Gen. Shelf-4, Row-6 | ||||||
| Management Studies | IMU Kochi Library | IMU Kochi Library | General Stacks | 2023-01-20 | M/S Technical Bureau India Pvt. Ltd (Inv. No. TB2811 Dt. 2023-01-14) | 849.00 | 1 | 338.5024658 Sa499 | BK005907 | 2023-12-20 | 2023-12-04 | Books | Gen. Shelf-4, Row-6 | 1 | |||||
| Management Studies | IMU Kochi Library | IMU Kochi Library | General Stacks | 2023-01-20 | M/S Technical Bureau India Pvt. Ltd (Inv. No. TB2811 Dt. 2023-01-14) | 849.00 | 1 | 338.5024658 Sa499 | BK005908 | 2023-12-20 | 2023-12-04 | Books | Gen. Shelf-4, Row-6 | 1 | |||||
| Management Studies | IMU Kochi Library | IMU Kochi Library | General Stacks | 2023-01-20 | M/S Technical Bureau India Pvt. Ltd (Inv. No. TB2811 Dt. 2023-01-14) | 849.00 | 2 | 338.5024658 Sa499 | BK005909 | 2023-12-15 | 2023-12-04 | Books | Gen. Shelf-4, Row-6 | ||||||
| Management Studies | IMU Kochi Library | IMU Kochi Library | General Stacks | 2023-01-20 | M/S Technical Bureau India Pvt. Ltd (Inv. No. TB2811 Dt. 2023-01-14) | 849.00 | 2 | 338.5024658 Sa499 | BK005910 | 2024-09-23 | 2024-09-23 | Books | Gen. Shelf-4, Row-6 | ||||||
| Management Studies | IMU Kochi Library | IMU Kochi Library | General Stacks | 2023-01-20 | M/S Technical Bureau India Pvt. Ltd (Inv. No. TB2811 Dt. 2023-01-14) | 849.00 | 1 | 338.5024658 Sa499 | BK005911 | 2023-12-26 | 2023-11-30 | Books | Gen. Shelf-4, Row-6 | 1 |